000 00659nam a2200193Ii 4500
003 JO-AjNU
008 230605s9999||||xx |||||||||||||| ||und||
040 _aJO-AjNU
_bara
_erda
_cJO-AjNU
041 _aara
050 1 4 _aSF91.K33 1992
100 3 _aالخفاف ، اكرم ذنون يونس,
_eauthor
_914613
245 0 0 _aبيئة الحيوان الزراعي
264 3 1 _aالموصل:دار الكتب للطباعة 1992
300 _a208ص
336 _atext
_btxt
_2rdacontent
337 _aunmediated
_bn
_2rdamedia
338 _avolume
_bnc
_2rdacarrier
650 4 _aحيوانات المزرعة-دراسات2الحيوانات-تربية
_914614
999 _aA3938
_c7506
_d7506